01383nam a2200337Ia 4500001001200000003000800012006001900020007001500039008004100054010001700095020004300112020002700155040002100182035002100203050002500224245015200249260003600401300001500437490008600452504004100538533015200579650000900731650001700740650003600757650003200793655002900825700003100854710001700885856012600902999001701028ebr10634628CaPaEBRm u cr cn|||||||||121106s2013 nyu sb 000 0 eng d z 2012041676 z9781433118913 (hardcover : alk. paper) z9781453909621 (e-book) aCaPaEBRcCaPaEBR a(OCoLC)82289414014aHQ1090b.E447 2013eb00aEmbodying masculinitiesh[electronic resource] :btowards a history of the male body in U.S. culture and literature /cedited by Josep M. Armengol. aNew York :bPeter Lang,cc2013. avi, 187 p.0 aMasculinity studies : literary and cultural representations,x2161-2692 ;vvol. 3 aIncludes bibliographical references. aElectronic reproduction.bPalo Alto, Calif. :cebrary,d2013.nAvailable via World Wide Web.nAccess may be limited to ebrary affiliated libraries. 0aMen. 0aMasculinity. 0aMasculinity in popular culture. 0aHuman bodyxSocial aspects. 7aElectronic books.2local1 aArmengol, Josep M.,d1976-2 aebrary, Inc.40uhttp://site.ebrary.com/lib/rucke/Doc?id=10634628zAn electronic book accessible through the World Wide Web; click to view c47892d47892